000 00387nam a2200157Ia 4500
008 230917s9999||||xx |||||||||||||| ||und||
020 _cPOU25
040 _e6835
_aMAIN
041 _aEnglish
082 _a301.045 H393M
100 _aHennis, Wilhelm
245 0 _aMax Weber: Essays in reconstruction
260 _aLondon
_bAllen and Unwin
_c1988
300 _axi, 254 p.
942 _cBK
999 _c60211
_d60211